00802nam a2200241 a 450000500170000000800410001704100130005804400070007109000140007810000240009224501050011624601120022126000460033330000100037965000290038965000220041865000260044065000260046670000230049294200150051594500150053099900150054520140312154548.0140312b1999 gw ||||| |||| 00| 0 eng d aenghger agx aLBb03616 aKunz, Martin920985 aFair trade-how does it relate to other attempts to improve working conditions in the global economy? aFair trade im vergleich mit anderen Bemuhungen, arbeitsbedingungen in der globalen wirtschaft zu verbessern aWiesbadenbWorld University Servicec1999 a32 p. aMercados globales920986 aEconomía920987 aGlobalización91536 aComercio justo920988 aLoch, Petra920989 cImpreso2z d2004-05-28 c3891d3891